[Event "43. Olimpiada Batumi 2018 Femenina"]
[Site "Batumi GEO"]
[Date "2018.09.27"]
[Round "4.4"]
[White "Kaslan, Alexandra"]
[Black "James, Shemilah"]
[Result "1/2-1/2"]
[WhiteElo "1414"]
[BlackElo "1535"]
[PlyCount "63"]
[EventDate "2018.09.24"]
[EventType "team-swiss"]
[EventRounds "11"]
[EventCountry "GEO"]
[SourceTitle "Ajedrez en Madrid"]
[Source "lmi"]
[SourceDate "2018.09.24"]
[WhiteTeam "Surinam"]
[BlackTeam "Trinidad & Tobago"]
[WhiteTeamCountry "SUR"]

1. d4 d5 2. Nf3 Nf6 3. Bf4 e6 4. Nbd2 Bd6 5. Bg3 O-O 6. e3 b6 7. Ne5 c5 8. c3
Bb7 9. Bd3 Qc7 10. Ndf3 Nbd7 11. Nxd7 Qxd7 12. Ne5 Qc7 13. Nf3 Ne4 14. Bxd6
Qxd6 15. O-O Rad8 16. Nd2 cxd4 17. exd4 Qf4 18. Nf3 f6 19. Qe2 Qd6 20. Rfe1
Rfe8 21. Nd2 f5 22. Bxe4 dxe4 23. Nc4 Qd5 24. Ne3 Qd7 25. Nc4 Qe7 26. Ne5 Qg5
27. f3 exf3 28. Nxf3 Bxf3 29. Qxf3 Qf6 30. Qf4 Rd5 31. Re5 Rxe5 32. dxe5
1/2-1/2

[Event "43. Olimpiada Batumi 2018 Femenina"]
[Site "Batumi GEO"]
[Date "2018.09.27"]
[Round "4.1"]
[White "Granados Diaz, Maria Esther"]
[Black "Rodriguez Arrieta, Maria Elena"]
[Result "1/2-1/2"]
[WhiteElo "1817"]
[BlackElo "1943"]
[PlyCount "120"]
[EventDate "2018.09.24"]
[EventType "team-swiss"]
[EventRounds "11"]
[EventCountry "GEO"]
[SourceTitle "Ajedrez en Madrid"]
[Source "lmi"]
[SourceDate "2018.09.24"]
[WhiteTeam "Nicaragua"]
[BlackTeam "Costa Rica"]
[WhiteTeamCountry "NCA"]
[BlackTeamCountry "CRI"]

1. d4 Nf6 2. Bg5 Ne4 3. Bh4 c5 4. f3 Qa5+ 5. c3 g5 6. fxe4 gxh4 7. e3 Qb6 8. b3
Qg6 9. Qf3 Bh6 10. Nh3 d6 11. Bc4 O-O 12. Nd2 Bg4 13. Qf2 cxd4 14. cxd4 Nd7 15.
Nf4 Qf6 16. h3 Bxf4 17. exf4 Bh5 18. O-O Kh8 19. e5 dxe5 20. dxe5 Qb6 21. Rae1
Qxf2+ 22. Rxf2 Nb6 23. Be2 Bxe2 24. Rexe2 Nd5 25. Ne4 Rac8 26. f5 Rc1+ 27. Rf1
Rfc8 28. f6 e6 29. Nd6 Rxf1+ 30. Kxf1 Rc7 31. Re4 Nc3 32. Rd4 Nd5 33. Rxh4 Rd7
34. Kf2 Nxf6 35. Nxb7 Ne8 36. Nc5 Rd2+ 37. Kf3 Rxa2 38. Rb4 Kg7 39. Rb7 Kg6 40.
Ne4 Ng7 41. Nd6 f5 42. Rf7 h5 43. Rf6+ Kh7 44. Nf7 Kg8 45. Nd8 Ra3 46. Nxe6
Rxb3+ 47. Kf4 Rb4+ 48. Kg5 Rb2 49. g4 Nxe6+ 50. Rxe6 fxg4 51. hxg4 hxg4 52.
Kxg4 Kf7 53. Ra6 Rb7 54. Kf5 Ke8 55. Rh6 Rf7+ 56. Ke6 Re7+ 57. Kd6 Rd7+ 58. Kc6
Rg7 59. Rd6 Rh7 60. Kd5 Rd7 1/2-1/2

[Event "43. Olimpiada Batumi 2018 Femenina"]
[Site "Batumi GEO"]
[Date "2018.09.27"]
[Round "4.2"]
[White "Gamboa Alvarado, Olga Leticia"]
[Black "Narvaez Talavera, Joanie Ellen"]
[Result "1-0"]
[WhiteElo "1869"]
[BlackElo "1670"]
[PlyCount "65"]
[EventDate "2018.09.24"]
[EventType "team-swiss"]
[EventRounds "11"]
[EventCountry "GEO"]
[SourceTitle "Ajedrez en Madrid"]
[Source "lmi"]
[SourceDate "2018.09.24"]
[WhiteTeam "Costa Rica"]
[BlackTeam "Nicaragua"]
[WhiteTeamCountry "CRI"]
[BlackTeamCountry "NCA"]

1. d4 d5 2. Nf3 Nf6 3. e3 Bf5 4. c4 c6 5. Nc3 e6 6. Nh4 Be4 7. f3 Bg6 8. Nxg6
hxg6 9. e4 Be7 10. Be3 Qc7 11. g3 Nbd7 12. Bg2 Nb6 13. Bf4 Qd7 14. cxd5 exd5
15. O-O O-O-O 16. Rc1 Nh5 17. Be3 Kb8 18. b3 f5 19. exd5 Nxd5 20. Nxd5 Qxd5 21.
f4 Qd7 22. d5 cxd5 23. Qd4 b6 24. a4 Rc8 25. Qxd5 Qxd5 26. Bxd5 Rxc1 27. Rxc1
Rf8 28. a5 Bd8 29. Bd4 Bc7 30. axb6 axb6 31. Ra1 Bd8 32. Be5+ Kc8 33. Bc6 1-0

[Event "43. Olimpiada Batumi 2018 Femenina"]
[Site "Batumi GEO"]
[Date "2018.09.27"]
[Round "4.3"]
[White "Alvarez Gutierrez, Patricia"]
[Black "Castillo Morales, Thais"]
[Result "0-1"]
[WhiteElo "1623"]
[BlackElo "1925"]
[PlyCount "42"]
[EventDate "2018.09.24"]
[EventType "team-swiss"]
[EventRounds "11"]
[EventCountry "GEO"]
[SourceTitle "Ajedrez en Madrid"]
[Source "lmi"]
[SourceDate "2018.09.24"]
[WhiteTeam "Nicaragua"]
[BlackTeam "Costa Rica"]
[WhiteTeamCountry "NCA"]
[BlackTeamCountry "CRI"]

1. e4 e6 2. d4 d5 3. Nd2 c5 4. c3 Nc6 5. exd5 Qxd5 6. Ndf3 cxd4 7. Nxd4 Nxd4 8.
cxd4 Bd7 9. Nf3 Nf6 10. Be2 Bd6 11. O-O O-O 12. h3 Bc6 13. Be3 Rfd8 14. a3 Bc7
15. Rc1 Ne4 16. Bc4 Qd6 17. Ne5 f6 18. f3 Ng3 19. Bf4 Nxf1 20. Nd3 Qxd4+ 21.
Kxf1 Bxf4 0-1

[Event "43. Olimpiada Batumi 2018 Femenina"]
[Site "Batumi GEO"]
[Date "2018.09.27"]
[Round "4.1"]
[White "Atikankhotchasee, Manunthon"]
[Black "Mucha, Annegret"]
[Result "1/2-1/2"]
[WhiteElo "1667"]
[BlackElo "2044"]
[PlyCount "114"]
[EventDate "2018.09.24"]
[EventType "team-swiss"]
[EventRounds "11"]
[EventCountry "GEO"]
[SourceTitle "Ajedrez en Madrid"]
[Source "lmi"]
[SourceDate "2018.09.24"]
[WhiteTeam "Thailand"]
[BlackTeam "ICCD"]
[WhiteTeamCountry "THA"]

1. e4 c5 2. Nc3 Nc6 3. g3 g6 4. Bg2 Bg7 5. d3 e6 6. Be3 Nd4 7. Nce2 d6 8. c3
Nc6 9. d4 cxd4 10. Nxd4 a6 11. Nge2 Nge7 12. Qd2 O-O 13. Bh6 d5 14. Bxg7 Kxg7
15. exd5 exd5 16. h4 h5 17. O-O-O Qa5 18. a3 Bg4 19. f3 Bf5 20. Nxf5+ Nxf5 21.
g4 Nd6 22. Nf4 Nc4 23. Qxd5 Ne3 24. Qxa5 Nxa5 25. Rd7 hxg4 26. fxg4 Nxg2 27.
Nxg2 Rad8 28. Rhd1 Rxd7 29. Rxd7 Re8 30. Kd1 b5 31. Ne1 Nc4 32. Nd3 Ne3+ 33.
Kd2 Nxg4 34. Ra7 Re6 35. Nc5 Rd6+ 36. Kc1 Ne3 37. Rd7 Rxd7 38. Nxd7 f5 39. Ne5
Kf6 40. Nf3 f4 41. Kd2 Nc4+ 42. Kc2 Kf5 43. b3 Nxa3+ 44. Kd3 Kg4 45. Ne5+ Kxh4
46. Nxg6+ Kg3 47. Ne5 f3 48. Nxf3 Kxf3 49. c4 Kf4 50. Kc3 a5 51. cxb5 Nxb5+ 52.
Kc4 Nd6+ 53. Kc5 Ke5 54. Kb6 Kd4 55. Kxa5 Kc5 56. b4+ Kc6 57. b5+ Nxb5 1/2-1/2

[Event "43. Olimpiada Batumi 2018 Femenina"]
[Site "Batumi GEO"]
[Date "2018.09.27"]
[Round "4.2"]
[White "Gerasimova, Olga"]
[Black "Chuemsakul, Sarocha"]
[Result "1/2-1/2"]
[WhiteElo "2010"]
[BlackElo "1620"]
[PlyCount "131"]
[EventDate "2018.09.24"]
[EventType "team-swiss"]
[EventRounds "11"]
[EventCountry "GEO"]
[SourceTitle "Ajedrez en Madrid"]
[Source "lmi"]
[SourceDate "2018.09.24"]
[WhiteTeam "ICCD"]
[BlackTeam "Thailand"]
[BlackTeamCountry "THA"]

1. e4 c5 2. Nf3 d6 3. d4 cxd4 4. Nxd4 Nf6 5. Nc3 a6 6. a4 b6 7. g3 e6 8. Bg2
Bb7 9. O-O Qc7 10. h3 Be7 11. Be3 Nbd7 12. Nb3 O-O 13. f4 Rad8 14. Qe2 Nc5 15.
Nd2 d5 16. exd5 exd5 17. Bd4 Rfe8 18. Qf2 Ncd7 19. Rad1 Bc5 20. Nb3 Re6 21. a5
Ne4 22. Nxe4 dxe4 23. axb6 Bxb6 24. Bxb6 Nxb6 25. Rxd8+ Qxd8 26. Re1 e3 27. Qe2
Bxg2 28. Kxg2 h6 29. Qf3 Nc4 30. Nc5 Rc6 31. Nd3 Qb6 32. b3 Nd2 33. Qxe3 Qxe3
34. Rxe3 Rxc2 35. Re2 Nc4 36. Rxc2 Ne3+ 37. Kf3 Nxc2 38. Ke4 Kf8 39. Kd5 Ke7
40. Kc5 a5 41. Ne5 f5 42. Nc6+ Kd7 43. Nxa5 Ne1 44. Kd5 Nd3 45. Nc4 Nc1 46. Nd2
Ne2 47. Nf1 Ke7 48. Ke5 g6 49. b4 Nc3 50. Ne3 Kf7 51. Nd5 Nb5 52. Ne3 Nc3 53.
Nc4 Ke7 54. Nd6 Ne2 55. g4 fxg4 56. hxg4 Nxf4 57. b5 Nd3+ 58. Kd5 Nb4+ 59. Kc5
Nd3+ 60. Kc6 Nb4+ 61. Kc7 Nd5+ 62. Kc6 Nb4+ 63. Kc5 Nd3+ 64. Kd5 Nb4+ 65. Kc5
Nd3+ 66. Kd5 1/2-1/2

[Event "43. Olimpiada Batumi 2018 Femenina"]
[Site "Batumi GEO"]
[Date "2018.09.27"]
[Round "4.3"]
[White "Prommuang, Araya"]
[Black "Lagutina, Olga"]
[Result "0-1"]
[WhiteElo "1495"]
[BlackElo "1948"]
[PlyCount "52"]
[EventDate "2018.09.24"]
[EventType "team-swiss"]
[EventRounds "11"]
[EventCountry "GEO"]
[SourceTitle "Ajedrez en Madrid"]
[Source "lmi"]
[SourceDate "2018.09.24"]
[WhiteTeam "Thailand"]
[BlackTeam "ICCD"]
[WhiteTeamCountry "THA"]

1. d4 d5 2. c4 e6 3. Nc3 Nf6 4. cxd5 exd5 5. Bg5 Nbd7 6. e3 c6 7. Bd3 Be7 8.
Nf3 O-O 9. O-O Re8 10. Rc1 Nf8 11. Ne5 Ne4 12. Bxe7 Qxe7 13. Nxe4 dxe4 14. Bxe4
f6 15. Qb3+ Be6 16. d5 cxd5 17. Bxd5 fxe5 18. Bxe6+ Nxe6 19. f4 Kh8 20. fxe5
Rf8 21. Rfd1 Rad8 22. Rd6 Rxd6 23. exd6 Qxd6 24. Qxb7 Qd2 25. Qc6 Qf2+ 26. Kh1
Qf1+ 0-1

[Event "43. Olimpiada Batumi 2018 Femenina"]
[Site "Batumi GEO"]
[Date "2018.09.27"]
[Round "4.4"]
[White "Myronenko, Natalya"]
[Black "Buhagiar, Melita Sunan"]
[Result "1-0"]
[WhiteElo "1919"]
[BlackElo "1378"]
[PlyCount "77"]
[EventDate "2018.09.24"]
[EventType "team-swiss"]
[EventRounds "11"]
[EventCountry "GEO"]
[SourceTitle "Ajedrez en Madrid"]
[Source "lmi"]
[SourceDate "2018.09.24"]
[WhiteTeam "ICCD"]
[BlackTeam "Thailand"]
[BlackTeamCountry "THA"]

1. e4 e6 2. d4 d5 3. e5 c5 4. c3 Nc6 5. Nf3 Qb6 6. Bd3 cxd4 7. cxd4 Bd7 8. Bc2
Nge7 9. O-O Nb4 10. Ba4 Bxa4 11. Qxa4+ Nbc6 12. Nc3 Nf5 13. Ne2 Be7 14. Rb1 O-O
15. Qd1 Rac8 16. b3 Nb4 17. a3 Nc2 18. b4 a5 19. Rb2 Nxa3 20. bxa5 Qc7 21. g4
Nc4 22. Ra2 Nh4 23. Nxh4 Bxh4 24. a6 bxa6 25. Rxa6 Ra8 26. Rxa8 Rxa8 27. g5 Qe7
28. f4 Ra1 29. Qb3 h6 30. gxh6 gxh6 31. Qh3 Ra2 32. Qg4+ Kh7 33. Kh1 Qf8 34. f5
Qe7 35. fxe6 fxe6 36. Qh5 Kg8 37. Bxh6 Qc7 38. Qg6+ Kh8 39. Rf8# 1-0

[Event "43. Olimpiada Batumi 2018 Femenina"]
[Site "Batumi GEO"]
[Date "2018.09.27"]
[Round "4.1"]
[White "Gurung, Sushila"]
[Black "Goossens, Hanne"]
[Result "0-1"]
[WhiteElo "1414"]
[BlackElo "2220"]
[PlyCount "124"]
[EventDate "2018.09.24"]
[EventType "team-swiss"]
[EventRounds "11"]
[EventCountry "GEO"]
[SourceTitle "Ajedrez en Madrid"]
[Source "lmi"]
[SourceDate "2018.09.24"]
[WhiteTeam "Nepal"]
[BlackTeam "Belgium"]
[WhiteTeamCountry "NEP"]
[BlackTeamCountry "BEL"]

1. e4 c5 2. Nc3 Nc6 3. Nf3 g6 4. b3 Bg7 5. Bb2 d6 6. Bc4 e6 7. Rb1 Nf6 8. Qe2
O-O 9. O-O d5 10. Bd3 Re8 11. e5 Nd7 12. Na4 a6 13. c4 b6 14. a3 d4 15. Be4 Bb7
16. Bxc6 Bxc6 17. Nxd4 cxd4 18. Bxd4 Qh4 19. f4 Qe7 20. Nxb6 Nxb6 21. Bxb6 Qxa3
22. Qe3 Bf8 23. d4 Qb4 24. c5 Be7 25. Bc7 Qb7 26. Bd6 Bxg2 27. Rf2 Be4 28. Rc1
a5 29. Bxe7 Rxe7 30. Ra1 Bc6 31. Rb2 Rd7 32. h4 Rad8 33. Rd2 Qb4 34. Rad1 a4
35. bxa4 Bxa4 36. Rc1 Rxd4 37. Rxd4 Qxd4 38. Qxd4 Rxd4 39. Kf2 Rxf4+ 40. Kg3
Re4 41. c6 Bxc6 42. Rxc6 Rxe5 43. Rc4 Kg7 44. Kf3 h5 45. Kf4 Re1 46. Rc5 Rh1
47. Kg3 Rg1+ 48. Kf4 Rg4+ 49. Kf3 Rxh4 50. Re5 Kf6 51. Rc5 e5 52. Rc6+ Kf5 53.
Rc5 Rh3+ 54. Kg2 Rd3 55. Rc1 Kg4 56. Rc4+ Rd4 57. Rc3 Rd2+ 58. Kf1 f5 59. Re3
e4 60. Ke1 Ra2 61. Re2 Rxe2+ 62. Kxe2 Kg3 0-1

[Event "43. Olimpiada Batumi 2018 Femenina"]
[Site "Batumi GEO"]
[Date "2018.09.27"]
[Round "4.2"]
[White "Barbier, Wiebke"]
[Black "Lohani, Sujana"]
[Result "0-1"]
[WhiteElo "1998"]
[BlackElo "1537"]
[PlyCount "96"]
[EventDate "2018.09.24"]
[EventType "team-swiss"]
[EventRounds "11"]
[EventCountry "GEO"]
[SourceTitle "Ajedrez en Madrid"]
[Source "lmi"]
[SourceDate "2018.09.24"]
[WhiteTeam "Belgium"]
[BlackTeam "Nepal"]
[WhiteTeamCountry "BEL"]
[BlackTeamCountry "NEP"]

1. e4 d6 2. d4 Nf6 3. Nc3 g6 4. f4 Bg7 5. Nf3 O-O 6. Bd3 Na6 7. O-O c5 8. d5
Rb8 9. a4 Nb4 10. Bc4 Bg4 11. h3 Bxf3 12. Rxf3 Nd7 13. g4 Kh8 14. Kh1 f5 15.
exf5 gxf5 16. g5 Qe8 17. Rf2 Nb6 18. Bb5 Qf7 19. Rd2 a5 20. Ra3 Bxc3 21. bxc3
N4xd5 22. Rh2 Nc7 23. Bb2 Nxb5 24. c4+ Nd4 25. Bxd4+ Kg8 26. Ba1 Qxc4 27. Rg2
Qe4 28. g6 hxg6 29. Rag3 Kf7 30. Rxg6 Ke8 31. h4 Kd7 32. Kg1 Qe3+ 33. Kh1 Qxf4
34. h5 Nc4 35. Qe2 Qe4 36. Qxe4 fxe4 37. h6 Ne5 38. Rg7 Rf1+ 39. Kh2 Rxa1 40.
Kg3 Ra3+ 41. Kh4 Rh8 42. h7 Ra1 43. Kg3 Rh1 44. Rh2 Rxh2 45. Kxh2 Ke6 46. Kg3
Kf6 47. Rg8 Rxh7 48. Rb8 e6 0-1

[Event "43. Olimpiada Batumi 2018 Femenina"]
[Site "Batumi GEO"]
[Date "2018.09.27"]
[Round "4.3"]
[White "Khamboo, Monalisha"]
[Black "Barbier, Astrid"]
[Result "0-1"]
[WhiteElo "1704"]
[BlackElo "1894"]
[PlyCount "68"]
[EventDate "2018.09.24"]
[EventType "team-swiss"]
[EventRounds "11"]
[EventCountry "GEO"]
[SourceTitle "Ajedrez en Madrid"]
[Source "lmi"]
[SourceDate "2018.09.24"]
[WhiteTeam "Nepal"]
[BlackTeam "Belgium"]
[WhiteTeamCountry "NEP"]
[BlackTeamCountry "BEL"]

1. d4 f5 2. c4 Nf6 3. Nc3 g6 4. Nf3 Bg7 5. Bf4 O-O 6. Qd2 d6 7. Bh6 c6 8. Bxg7
Kxg7 9. e3 Na6 10. Be2 Bd7 11. O-O Qe8 12. Bd3 e5 13. dxe5 dxe5 14. e4 f4 15.
Rad1 Bg4 16. Be2 Nc5 17. Qc2 Qe7 18. Ng5 Rfd8 19. Bxg4 Nxg4 20. Nf3 Nf6 21. b4
Na6 22. a3 Nc7 23. Na4 Nd7 24. Rd2 Nb6 25. Nc5 Ne6 26. Nd3 Nd4 27. Nxd4 Rxd4
28. Nb2 Rxd2 29. Qxd2 Rd8 30. Qc2 Rd4 31. Rd1 Qd8 32. Rxd4 Qxd4 33. c5 Nd7 34.
Nc4 Qa1+ 0-1

[Event "43. Olimpiada Batumi 2018 Femenina"]
[Site "Batumi GEO"]
[Date "2018.09.27"]
[Round "4.4"]
[White "Cuvelier, Annelies"]
[Black "Thapa, Khusbu"]
[Result "1-0"]
[WhiteElo "1809"]
[BlackElo "1411"]
[PlyCount "73"]
[EventDate "2018.09.24"]
[EventType "team-swiss"]
[EventRounds "11"]
[EventCountry "GEO"]
[SourceTitle "Ajedrez en Madrid"]
[Source "lmi"]
[SourceDate "2018.09.24"]
[WhiteTeam "Belgium"]
[BlackTeam "Nepal"]
[WhiteTeamCountry "BEL"]
[BlackTeamCountry "NEP"]

1. e4 d5 2. exd5 Nf6 3. d4 Nxd5 4. Nf3 g6 5. c4 Nb6 6. Nc3 c6 7. h3 Bg7 8. Be3
O-O 9. Be2 N8d7 10. O-O e5 11. Rc1 Re8 12. dxe5 Nxe5 13. Nxe5 Bxe5 14. Qxd8
Rxd8 15. b3 Be6 16. Ne4 f5 17. Nc5 Bc8 18. Rcd1 Re8 19. Bf3 Bf6 20. a4 a5 21.
Rfe1 Kf7 22. Re2 Be7 23. Nxb7 Bxb7 24. Bxb6 Kf8 25. Rd7 Bc8 26. Rd1 Bb7 27. Re6
Rac8 28. Bxa5 Ba8 29. Bb6 Bb7 30. c5 Ba8 31. a5 Kf7 32. Re2 Bb7 33. Rd7 Ba8 34.
a6 Kf8 35. a7 Kf7 36. Red2 Kf8 37. Be2 1-0

[Event "43. Olimpiada Batumi 2018 Femenina"]
[Site "Batumi GEO"]
[Date "2018.09.27"]
[Round "4.1"]
[White "Milligan, Helen"]
[Black "Mena, Ailen Oriana"]
[Result "1/2-1/2"]
[WhiteElo "1942"]
[BlackElo "1884"]
[PlyCount "83"]
[EventDate "2018.09.24"]
[EventType "team-swiss"]
[EventRounds "11"]
[EventCountry "GEO"]
[SourceTitle "Ajedrez en Madrid"]
[Source "lmi"]
[SourceDate "2018.09.24"]
[WhiteTeam "New Zealand"]
[BlackTeam "Netherlands Antilles"]
[WhiteTeamCountry "NZL"]
[BlackTeamCountry "AHO"]

1. e4 e5 2. Nf3 Nc6 3. d4 exd4 4. Nxd4 Nf6 5. Nxc6 bxc6 6. e5 Qe7 7. Qe2 Nd5 8.
c4 Ba6 9. b3 Nb6 10. f4 Qe6 11. Bb2 Bb4+ 12. Nd2 O-O-O 13. O-O-O Qf5 14. Qf3
Bb7 15. Bd3 Qe6 16. Ne4 Qe7 17. Kb1 Kb8 18. Qf2 Ba3 19. Rhe1 Bxb2 20. Qxb2 h6
21. g3 Qf8 22. Qf2 d5 23. exd6 cxd6 24. Nc3 d5 25. cxd5 Nxd5 26. Nxd5 Rxd5 27.
Bc4 Rxd1+ 28. Rxd1 Qc8 29. Qd4 f6 30. Qd7 Qc7 31. Kb2 Bc8 32. Qxc7+ Kxc7 33. b4
Bf5 34. a4 Re8 35. Kc3 Kb6 36. a5+ Kc7 37. Rd2 Re7 38. Re2 Rxe2 39. Bxe2 Kd6
40. Kd4 Bb1 41. h4 Bc2 42. Bf3 1/2-1/2

[Event "43. Olimpiada Batumi 2018 Femenina"]
[Site "Batumi GEO"]
[Date "2018.09.27"]
[Round "4.2"]
[White "Sanchez, Mariana"]
[Black "Punsalan, Vyanla M"]
[Result "0-1"]
[WhiteElo "1505"]
[BlackElo "1932"]
[PlyCount "78"]
[EventDate "2018.09.24"]
[EventType "team-swiss"]
[EventRounds "11"]
[EventCountry "GEO"]
[SourceTitle "Ajedrez en Madrid"]
[Source "lmi"]
[SourceDate "2018.09.24"]
[WhiteTeam "Netherlands Antilles"]
[BlackTeam "New Zealand"]
[WhiteTeamCountry "AHO"]
[BlackTeamCountry "NZL"]

1. e4 c5 2. Nf3 Nc6 3. d4 cxd4 4. Nxd4 e5 5. Nf3 Nf6 6. Bg5 d6 7. Bc4 Be7 8.
Nc3 Bg4 9. Bb5 O-O 10. Bxc6 bxc6 11. Bxf6 Bxf6 12. Qd3 Qb6 13. O-O Be7 14. Nd2
f5 15. h3 fxe4 16. Qc4+ d5 17. Nxd5 cxd5 18. Qxd5+ Qe6 19. Qxe6+ Bxe6 20. Nxe4
Rad8 21. Rad1 Rf4 22. Rxd8+ Bxd8 23. Nc5 Bf5 24. Re1 Bb6 25. Rxe5 Bxc2 26. Re2
Bd1 27. Re5 Rd4 28. a3 Rd2 29. b4 Be2 30. g3 Bf3 31. Re1 Bxc5 32. bxc5 Rc2 33.
g4 Rxc5 34. Re3 Bd5 35. Re5 a5 36. f4 a4 37. Kf2 Rc2+ 38. Ke1 Bb3 39. Re2 Rc1+
0-1

[Event "43. Olimpiada Batumi 2018 Femenina"]
[Site "Batumi GEO"]
[Date "2018.09.27"]
[Round "4.3"]
[White "Qin, Nicole Shu Yu"]
[Black "Marcos, Taqesyah"]
[Result "1-0"]
[WhiteElo "1790"]
[BlackElo "1583"]
[PlyCount "57"]
[EventDate "2018.09.24"]
[EventType "team-swiss"]
[EventRounds "11"]
[EventCountry "GEO"]
[SourceTitle "Ajedrez en Madrid"]
[Source "lmi"]
[SourceDate "2018.09.24"]
[WhiteTeam "New Zealand"]
[BlackTeam "Netherlands Antilles"]
[WhiteTeamCountry "NZL"]
[BlackTeamCountry "AHO"]

1. d4 Nf6 2. c4 e6 3. Nc3 Bb4 4. Qc2 d5 5. e3 O-O 6. Bd3 Nc6 7. Nf3 b6 8. O-O
Bxc3 9. bxc3 dxc4 10. Bxc4 Bb7 11. Bd3 h6 12. e4 Na5 13. Ba3 Re8 14. Ne5 Rc8
15. Rad1 c6 16. Qe2 Qc7 17. f4 c5 18. Rf3 cxd4 19. cxd4 Nc6 20. Nxc6 Bxc6 21.
Rdf1 Qd7 22. Bb2 Qb7 23. Ba6 Qa8 24. Bxc8 Rxc8 25. d5 exd5 26. Bxf6 gxf6 27.
Rg3+ Kh7 28. Qh5 Qb7 29. Qf5+ 1-0

[Event "43. Olimpiada Batumi 2018 Femenina"]
[Site "Batumi GEO"]
[Date "2018.09.27"]
[Round "4.4"]
[White "Salim-Moussa, Seydi"]
[Black "Qin, Joy Shu Yan"]
[Result "0-1"]
[WhiteElo "1601"]
[BlackElo "1727"]
[PlyCount "66"]
[EventDate "2018.09.24"]
[EventType "team-swiss"]
[EventRounds "11"]
[EventCountry "GEO"]
[SourceTitle "Ajedrez en Madrid"]
[Source "lmi"]
[SourceDate "2018.09.24"]
[WhiteTeam "Netherlands Antilles"]
[BlackTeam "New Zealand"]
[WhiteTeamCountry "AHO"]
[BlackTeamCountry "NZL"]

1. e4 e6 2. d4 d5 3. Nc3 Nf6 4. e5 Nfd7 5. Nf3 c5 6. Be3 Nc6 7. Bb5 a6 8. Bxc6
bxc6 9. Ne2 Qb6 10. b3 cxd4 11. Bxd4 c5 12. Bb2 Be7 13. c3 Qc7 14. O-O Nxe5 15.
Nxe5 Qxe5 16. Re1 Qc7 17. Ng3 O-O 18. Re3 Rb8 19. Qe2 Rd8 20. Rd1 Qb6 21. Nf5
Bf6 22. f4 d4 23. cxd4 cxd4 24. Red3 exf5 25. Re1 Be6 26. Kh1 h6 27. Qd2 Bd5
28. Bxd4 Bxd4 29. Rxd4 Bxg2+ 30. Qxg2 Qxd4 31. Rg1 Rd6 32. Qc2 g6 33. Qxf5 Qd5+
0-1

[Event "43. Olimpiada Batumi 2018 Femenina"]
[Site "Batumi GEO"]
[Date "2018.09.27"]
[Round "4.1"]
[White "Mirza, Diana"]
[Black "Mutesi, Phiona"]
[Result "1-0"]
[WhiteElo "1960"]
[BlackElo "1637"]
[PlyCount "117"]
[EventDate "2018.09.24"]
[EventType "team-swiss"]
[EventRounds "11"]
[EventCountry "GEO"]
[SourceTitle "Ajedrez en Madrid"]
[Source "lmi"]
[SourceDate "2018.09.24"]
[WhiteTeam "Ireland"]
[BlackTeam "Uganda"]
[WhiteTeamCountry "IRL"]
[BlackTeamCountry "UGA"]

1. e4 e6 2. d3 d5 3. Nd2 Nf6 4. Ngf3 c5 5. g3 Nc6 6. Bg2 Bd6 7. O-O O-O 8. Re1
Bc7 9. Qe2 b6 10. Nf1 h6 11. h4 Bb7 12. e5 Nd7 13. Bf4 Bc8 14. c4 f6 15. cxd5
exd5 16. exf6 Nxf6 17. Ne5 Nd4 18. Qd1 Re8 19. Nf3 Bxf4 20. Nxd4 Bc7 21. Nb5
Be6 22. d4 a6 23. Nc3 Qd6 24. Ne3 Re7 25. dxc5 Qxc5 26. Ncxd5 Bxd5 27. Bxd5+
Nxd5 28. Qxd5+ Qxd5 29. Nxd5 Rd7 30. Rac1 Bd8 31. Re5 Kf7 32. Rc6 Rb8 33. b4
Rbb7 34. Rf5+ Kg8 35. h5 Be7 36. Nxe7+ Rxe7 37. Rc8+ Kh7 38. Rff8 g5 39. Rh8+
Kg7 40. Rcg8+ Kf7 41. Rg6 a5 42. Rhxh6 axb4 43. Rxb6 Kg7 44. Rxb7 Rxb7 45. Rg6+
Kh7 46. Rxg5 Kh6 47. Rd5 Ra7 48. Rb5 Rxa2 49. Rxb4 Kxh5 50. Kg2 Kg5 51. Re4 Kf5
52. Rf4+ Kg5 53. Kh3 Rb2 54. Rg4+ Kf5 55. f4 Rb1 56. Rg5+ Kf6 57. Kg4 Rb4 58.
Rc5 Rb8 59. Rc6+ 1-0

[Event "43. Olimpiada Batumi 2018 Femenina"]
[Site "Batumi GEO"]
[Date "2018.09.27"]
[Round "4.2"]
[White "Namaganda, Christine"]
[Black "Lowry-O`Reilly, Hannah"]
[Result "0-1"]
[WhiteElo "1581"]
[BlackElo "1716"]
[PlyCount "114"]
[EventDate "2018.09.24"]
[EventType "team-swiss"]
[EventRounds "11"]
[EventCountry "GEO"]
[SourceTitle "Ajedrez en Madrid"]
[Source "lmi"]
[SourceDate "2018.09.24"]
[WhiteTeam "Uganda"]
[BlackTeam "Ireland"]
[WhiteTeamCountry "UGA"]
[BlackTeamCountry "IRL"]

1. d4 Nf6 2. Nf3 e6 3. Bf4 b6 4. e3 Bb7 5. Bd3 Be7 6. c3 O-O 7. h3 d6 8. O-O
Nbd7 9. Qe2 c5 10. Nbd2 Re8 11. Rfd1 Bf8 12. Nc4 Qc7 13. Rac1 b5 14. Ncd2 a6
15. e4 e5 16. dxe5 dxe5 17. Bh2 Qb6 18. b3 Bd6 19. a4 c4 20. bxc4 bxa4 21. Rb1
Qc7 22. Bc2 Nc5 23. Rb4 Bc6 24. Ra1 Nb3 25. Nxb3 Bxb4 26. cxb4 axb3 27. Bd3 Qb7
28. Bxe5 Nxe4 29. Qb2 f6 30. Bc3 Nxc3 31. Qxc3 Reb8 32. Qxb3 Qxb4 33. Qxb4 Rxb4
34. Nd4 Bb7 35. Ne6 Rc8 36. c5 Rc6 37. Nd8 Rxc5 38. Nxb7 Rxb7 39. Rxa6 Rc1+ 40.
Kh2 Rb8 41. Be4 Rc7 42. Ra8 Rxa8 43. Bxa8 Kf7 44. g3 Ke6 45. Kg2 Rc3 46. Bb7
Ke5 47. Ba8 Kd4 48. g4 Kd3 49. f3 Ke3 50. h4 h5 51. Kg3 Rc5 52. Be4 hxg4 53.
Kxg4 Ra5 54. h5 Rg5+ 55. Kh4 Kf4 56. Bb7 Rg1 57. Bc8 Rh1+ 0-1

[Event "43. Olimpiada Batumi 2018 Femenina"]
[Site "Batumi GEO"]
[Date "2018.09.27"]
[Round "4.3"]
[White "Ui Laighleis, Gearoidin"]
[Black "Nansubuga, Gloria"]
[Result "0-1"]
[WhiteElo "1791"]
[BlackElo "1415"]
[PlyCount "166"]
[EventDate "2018.09.24"]
[EventType "team-swiss"]
[EventRounds "11"]
[EventCountry "GEO"]
[SourceTitle "Ajedrez en Madrid"]
[Source "lmi"]
[SourceDate "2018.09.24"]
[WhiteTeam "Ireland"]
[BlackTeam "Uganda"]
[WhiteTeamCountry "IRL"]
[BlackTeamCountry "UGA"]

1. e4 e6 2. d4 d5 3. exd5 exd5 4. Bd3 Bd6 5. Nf3 Nf6 6. Bg5 h6 7. Bh4 Bg4 8. h3
Be6 9. Nbd2 Nbd7 10. O-O c6 11. Re1 O-O 12. c3 Qc7 13. Bxf6 Nxf6 14. Ne5 Rfe8
15. Re3 Bd7 16. Nxd7 Qxd7 17. Rxe8+ Rxe8 18. Nf3 Bf4 19. Qc2 Bd6 20. Re1 Rxe1+
21. Nxe1 Qe7 22. Nf3 Nh5 23. Qe2 Qxe2 24. Bxe2 Nf4 25. Bf1 Kf8 26. g3 Nh5 27.
Nh4 g6 28. Ng2 f5 29. Bd3 Kg7 30. Nh4 Be7 31. Nf3 Nf6 32. Ne5 Bd6 33. f4 Ne4
34. Kg2 Nd2 35. g4 fxg4 36. hxg4 Ne4 37. Kf3 Bxe5 38. dxe5 Nc5 39. Bc2 Kf7 40.
Ke3 h5 41. gxh5 gxh5 42. b4 Ne6 43. Bf5 b6 44. Kf3 c5 45. Bb1 cxb4 46. cxb4 h4
47. f5 Ng5+ 48. Kg4 h3 49. e6+ Kf6 50. Kg3 a6 51. a3 a5 52. b5 d4 53. Bd3 Ke7
54. a4 Kf6 55. Bf1 Kxf5 56. e7 Ne4+ 57. Kxh3 Nd6 58. Kg3 Kf6 59. Kf4 Kxe7 60.
Ke5 Nb7 61. Be2 Nc5 62. Bd1 d3 63. Kd5 Kd7 64. Kc4 Kd6 65. Kc3 Ke5 66. Kc4 Kd6
67. Kd4 Ke6 68. Kc3 Kd5 69. Bf3+ Ke5 70. Bd1 Ke4 71. Kc4 d2 72. Kc3 Ke3 73. Kc4
Kf2 74. Kd5 Ke1 75. Bh5 d1=Q+ 76. Bxd1 Kxd1 77. Kc6 Nxa4 78. Kd5 Kc2 79. Kc4
Kb2 80. Kd5 Nc5 81. Kc6 Na4 82. Kd5 Kb3 83. Kc6 Kb4 0-1